| 000 | 00941nam a2200241Ia 4500 | ||
|---|---|---|---|
| 003 | OSt | ||
| 005 | 20210212162144.0 | ||
| 008 | 191128s2006 ck a gr 000 0 spa d | ||
| 020 | _a9789583022029 | ||
| 040 |
_aCO-JMCR _cCO-JMCR |
||
| 041 | 0 | _aspa | |
| 082 | 0 | 4 |
_a730.9 / _bS621e _223 |
| 100 | 1 |
_aSirrocco, _eautor _913411 |
|
| 245 | 1 | 0 |
_aEscultura / _cSirroco ; traducción de Héctor Daniel Suaréz Relaiza |
| 260 |
_aBogotá : _bPanamericana, _c2006 |
||
| 300 |
_a255 páginas : _bilustraciones en su mayoría a color ; _c17 cm. |
||
| 505 | 0 | _aBarthé, Richmond -- Bernini -- Brancusi, Constantin -- Burgos -- Canova, Antonio -- Carpeaux , Jean-Baptiste -- Cellini, Benvenuto -- César -- Coysevox , Antoine -- Degas, Edgar -- Della Robbia, Luca. | |
| 650 | 1 | 4 |
_aArte _913412 |
| 650 | 1 | 4 |
_aEsculturas _913413 |
| 650 | 1 | 4 |
_aEscultura antigua _913414 |
| 700 | 1 |
_aSuaréz Relaiza, Héctor Daniel, _etraductor _913415 |
|
| 942 |
_2ddc _cBK |
||
| 999 |
_c3420 _d3420 |
||